Legitimacy of Activation Work in Active Labour Market Policy in Slovakia

Text sumarizuje poznatky terénneho výskumu realizovaného na Slovensku zameraného na pochopenie príčin nízkeho vplyvu aktivačných prác na zvyšovanie zamestnanosti účastníkov programu. Prieskum bol realizovaný v kontexte legislatívnej zmeny, ktorá výrazne obmedzila možnosti účasti na aktivačných práca...

Ausführliche Beschreibung

Gespeichert in:
Bibliographische Detailangaben
1. Verfasser: Polačková, Zuzana
Format: Buchkapitel
Sprache:Englisch
Schlagworte:
Tags: Tag hinzufügen
Keine Tags, Fügen Sie das erste Tag hinzu!

MARC

LEADER 00000naa a2200000 4500
001 0299968
005 20240411131538.6
041 0 |a eng 
044 |a SK 
245 1 0 |a Legitimacy of Activation Work in Active Labour Market Policy in Slovakia  |c Zuzana Polačková 
520 |a Text sumarizuje poznatky terénneho výskumu realizovaného na Slovensku zameraného na pochopenie príčin nízkeho vplyvu aktivačných prác na zvyšovanie zamestnanosti účastníkov programu. Prieskum bol realizovaný v kontexte legislatívnej zmeny, ktorá výrazne obmedzila možnosti účasti na aktivačných prácach, pričom zákonodarcovia očakávali bezproblémový prechod účastníkov aktivačných prác na trhu práce, ktorý trpí výrazným nedostatkom pracovnej sily. 
610 2 0 |a práce verejnoprospešné 
610 2 0 |a politika zamestnanosti 
610 2 0 |a trh práce 
610 2 0 |a zamestnanosť 
610 2 0 |a absolventi 
610 2 0 |a služby zamestnanosti 
100 1 |a Polačková, Zuzana